000 00231nam a2200097Ia 4500
003 GCL
008 140319s9999 xx 000 0 ara d
040 _aGCL /
_cGCL
082 0 4 _aEN(VAL)) = val}
245 1 0 _aLEFT(ARB_APPR,LEN(VAL)) = val}
999 _c25757
_d25757